000 00479nam a2200181Ia 4500
003 GCL
008 140319s9999 xx 000 0 eng d
040 _aGCL /
_cGCL
082 0 4 _a726.1
_bT R
100 1 _aTAYLOR, GEORGE
245 1 0 _aTHE ROMAN TEMPLES OF LEBANON: APICTORIAL GUIDE /
_cTAYLOR, GEORGE
260 _a[S.N] :
_bDAR EL- MACHREQ PUBLISHERS ،
_c1986
300 _a133 P
650 0 4 _aTEMPLES
650 0 4 _aROMAN TEMPLES
650 0 4 _aLEBANON
942 _2ddc
_cBK
999 _c21760
_d21760